Rights Limited : Freedom of Expression, Religion and the South African Constitution / (Record no. 841)

MARC details
000 -LEADER
fixed length control field 00596nam a22001817a 4500
005 - DATE AND TIME OF INPUT
control field 20231121125427.0
008 - DATA ELEMENTS--GENERAL INFORMATION
fixed length control field 231121b |||||||| |||| 00| 0 eng d
020 ## - INTERNATIONAL STANDARD BOOK NUMBER
International Standard Book Number 0702143960
041 ## - LANGUAGE CODE
Language code of text English
082 ## - SHELF NUMBER
DDC number 342.8 MEY
100 ## - MAIN AUTHOR
Main author's name Meyerson, D
Language of a work English
245 ## - TITLE STATEMENT
Title Rights Limited : Freedom of Expression, Religion and the South African Constitution /
Statement of responsibility, etc. D Meyerson
250 ## - EDITION STATEMENT
Edition statement First Edition
260 ## - PUBLICATION, DISTRIBUTION, ETC.
Place of publication, distribution, etc. Cape Town :
Name of publisher, distributor, etc. Juta and Company Ltd,
Date of publication, distribution, etc. 1997
300 ## - PHYSICAL DESCRIPTION
Other physical details xxviii, 185 pages ;
Dimensions 25,6 cm.
650 ## - SUBJECT`
Broad subject Legal practice
Own subject terms Law
942 ## - ADDED ENTRY ELEMENTS (KOHA)
Item type Books
942 ## - ADDED ENTRY ELEMENTS (KOHA)
-- ALISON_BN_VRIES
Holdings
Source of classification or shelving scheme Not for loan Collection code Home library Current library Shelving location Date acquired Full call number Barcode Price effective from Koha item type
Dewey Decimal Classification   TEXT BOOKS LAW SOCIETY OF NAMIBIA LIBRARY - WINDHOEK LAW SOCIETY OF NAMIBIA LIBRARY - WINDHOEK Constitutional and administrative law 11/21/2023 342.8 MEY LSN/2004/67 11/21/2023 Books